General Knowledge by SalmonBoy - Statistics

General Stats
  • This quiz has been taken 45 times
    37 since last reset
  • The average score is 6 of 15
Answer Stats
Answer % Correct
Which is the farthest planet from the Sun Neptune
96%
In which ocean are the Marshall Islands Pacific
71%
Who was the first man in space Yuri Gagarin
71%
Who is the heir to the British throne Charles
68%
What day will it be 100 days from Monday Wednesday
61%
Who won the 2014 FIFA World Cup Germany
57%
Which City will host the 2020 Olympics Tokyo
50%
Who famously said "Eureka" Archimedes
46%
Approximately how many million years ago were dinosaurs extinct 65
32%
Which unmanned space probe is the first to reach interstellar space Voyager 1
29%
Who was the first British Monarch James 1
21%
Who killed Archduke Franz Ferdinand Gavrilo Princip
18%
Meaning ‘said only once’, what two-word Greek term denotes a word or word-form that is recorded only once in a text, in the work of a particular author, or in a body of literature Hapax Legomenon
11%
Where is the source of the Mississippi River Lake Itasca
0%
What type of cheese is the french alps famous for producing Reblochon
0%
No matching quizzes found
Score Distribution
Percent of People with Each Score
Percentile by Number Answered
Your Score History
You have not taken this quiz since the last reset